zpět

Detail výsledku týmu

Chicago Bar & Grill ÚT, Liberec

Datum a čas kvízu

35 Celkem bodů Celkový počet nahraných bodů na tomto kvízu bez doplňovacích otázek.
5. Pořadí na kvízu Konečné umístění týmu na tomto kvízu.

Zaznamenané odpovědi

# Otázka Odpověď Body Výsledky
1. Minulý týden ve čtvrtek dorazi... FBI 1
2. Jistý stát zažil minulý týden... Čína 0
3. Letošní vyhlášení tuzemských k... Muriel 0
4. Japonští vědci minulý týden oz... ze dřeva 0
5. 34letý trojnásobný mistr světa... Peter Sagan 1
6. Součástí televizního programu... Hodina pravdy 1
7. Která veřejně známá osobnost z... Ladislav Zibura 1
8. Napište název televizní soutěž... Kufr 1
9. V dnešní době je velmi populár... 1D 2B 3C 4A 1
10. Kdo z uvedených nikdy nemodero... D 1